| 000 | 01165nam2a2200265 4500 | ||
|---|---|---|---|
| 001 | RU\NLR\bibl\1087681 | ||
| 005 | 20250615051855.0 | ||
| 010 |
_a978-5-699-20492-2 _915000 |
||
| 021 |
_aRU _b2007-25312 _91340 |
||
| 035 | _a(NLR Aleph) 001074839 | ||
| 090 |
_a1021569 _c1021569 |
||
| 100 | _a20070518d2007 |||y0rusy50 ca | ||
| 101 | 0 | _arus | |
| 102 | _aRU | ||
| 105 | _ay ||||||||| | ||
| 200 | 0 | _a2007 | |
| 210 |
_d2007 _aБ. м. |
||
| 215 | _a474, [1] с. | ||
| 327 | 1 | _aСодерж.: авт.: Роман Афанасьев; Василий Головачев; Андрей Ливадный; Олег Макушкин; Юрий Нестеренко; Василий Орехов; Сергей Палий; Борис Руденко; Андрей Уланов; Дмитрий Янковский | |
| 461 | 0 |
_1001RU\NLR\bibl\1132152 _12001#$aРусский фантастический боевик$v2007 _91286348 _cМосква _d2007 _f[сост.: В. Мельник] _nЭКСМО _tРусский фантастический боевик _v2007 |
|
| 801 | 0 |
_aRU _bNLR _c20070518 _gRCR |
|
| 801 | 1 |
_aRU _bNLR _c20070518 |
|
| 942 | _cBOOK | ||
| 980 | _aNB | ||